01523nam a22003737a 4500003000500000005001700005008004100022010001000063011001000073035001000083040000900093082001600102245002400118260005200142300001000194490002600204505025600230590004100486590004100527590004100568590004100609590004200650650003400692651004400726700003000770700004100800700003500841830003400876901000700910942001000917949006900927999001700996952013601013CHAP20220329134950.0971013s1975 r 00010 d a28793 a29765 a33876 cCHAP a972.083bL3 aLázaro Cárdenas aMéxico :bFondo de Cultura Económica,c1975 a76 p. aTestimonios del fondo aContenido: Cárdenas y la República Española, por Gilberto Bosques.- El partido comunista durante el período de Cárdenas, por Miguel Angel Velasco.- Lázaro Cárdenas y el movimiento de liberación nacional, por Heberto Castillo Martínez aBATCH-UPDb10c20130110lUCH01h1249 aBATCH-UPDb10c20130410lUCH01h0812 aBATCH-UPDb10c20130914lUCH01h0725 aBATCH-UPDb10c20161124lUCH01h1708 aCONVERSIONb10c20130109lUCH01h131614aPolíticos mexicanos.990723 4aMéxicoxPolítica y gobierno.9767830 aBosques, Gilberto.9144290 aCastillo Martínez, Heberto.9201710 aVelasco, Miguel Angel.91184590 aTestimonios del fondo9112481 aBK cLIBRO a972.083 L3bBCcLIBROd33724000147815eLIBROh40784i33876mDsi c28793d28793 00102ddc4052708GRALaBCbBCcPP_GRALd2019-12-31fLIBROl0o972.083 L3p33724000147815r2019-12-31 00:00:00w2019-12-31yLIBRO